Interakcia TQM a učiacej sa organizácie TQM and learning organisation interaction

Salvato in:
Dettagli Bibliografici
Autore principale: Mizla, Martin, 1955-
Altri autori: Unoková, Anna
Natura: Capitolo di libro
Lingua:slovacco
Tags: Aggiungi Tag
Nessun Tag, puoi essere il primo ad aggiungerne!!

MARC

LEADER 00000naa$a2200000$$$4500
001 0060866
005 20240502083145.4
041 0 |a slo 
044 |a CZ 
245 1 0 |a Interakcia TQM a učiacej sa organizácie  |b TQM and learning organisation interaction  |c Martin Mizla, Anna Unoková 
100 1 |a Mizla, Martin, 1955- 
700 1 |a Unoková, Anna